God's order: (Record no. 5831)

000 -LEADER
fixed length control field 00602nam a2200181 a 4500
001 - CONTROL NUMBER
control field :::00003573$&:&@@
003 - CONTROL NUMBER IDENTIFIER
control field OkBaRHE
005 - DATE AND TIME OF LATEST TRANSACTION
control field 20000607103307.0
008 - FIXED-LENGTH DATA ELEMENTS--GENERAL INFORMATION
fixed length control field s1953 j 000 0 eng u
040 ## - CATALOGING SOURCE
Transcribing agency
100 1# - MAIN ENTRY--PERSONAL NAME
Personal name MacKay, John Alexander, 1889-
245 10 - TITLE STATEMENT
Title God's order:
Remainder of title the Ephesian letter and this present time.
260 ## - PUBLICATION, DISTRIBUTION, ETC. (IMPRINT)
Place of publication, distribution, etc New York, NY., :
Name of publisher, distributor, etc The Macmillan Company
Date of publication, distribution, etc c1953
300 ## - PHYSICAL DESCRIPTION
Extent 214 p. ;
Dimensions 21 cm.
650 ## - SUBJECT ADDED ENTRY--TOPICAL TERM
Topical term or geographic name as entry element Bible New Testament Ephesians
General subdivision Theology
942 ## - ADDED ENTRY ELEMENTS (KOHA)
Source of classification or shelving scheme
Koha item type Books
Copies
Copy number Date checked out Source of classification or shelving scheme Full call number Date last seen Current Location Koha item type Date acquired Lost status Permanent Location Price effective from Total Checkouts Damaged status Barcode Not for loan Shelving location Withdrawn status
12011-11-08 BS 2695 .M322018-04-03RHEMA Bible Training CollegeBooks2010-04-14 RHEMA Bible Training College2010-04-141 3573 General Stacks